Statistics for Arctic Monkeys Lyrics - Bigger Boys And Stolen Sweethearts

Click here to take the quiz!

General Stats

  • This quiz has been taken 57 times
  • The average score is 287 of 327

Answer Stats

Lyrics% Correct
a
100%
And
100%
and
100%
Bigger
100%
boys
100%
I
100%
stolen
100%
sweethearts
100%
the
100%
wit
100%
You
100%
you
100%
go
98%
He
98%
he
98%
her
98%
no
98%
of
98%
there
98%
there's
98%
There's
98%
with
98%
He's
95%
he's
95%
in
95%
me
95%
she
95%
somebody
95%
then
95%
to
95%
to,
95%
was
95%
when
95%
your
95%
always
93%
bet
93%
Bet
93%
can
93%
friends
93%
head
93%
more
93%
off
93%
they
93%
though,
93%
though
93%
you're
93%
anyway
90%
But
90%
but
90%
far
90%
fit
90%
got
90%
Have
90%
have
90%
know
90%
on
90%
probably
90%
She's
90%
she's
90%
taller
90%
think
90%
up
90%
were
90%
without
90%
better
88%
don't
88%
engaged,
88%
intention
88%
just
88%
kick
88%
not
88%
Oh,
88%
that
88%
wedding
88%
at
86%
bird
86%
only
86%
sad
86%
said
86%
school
86%
see
86%
they've
86%
They've
86%
can't
83%
car
83%
from
83%
his
83%
it
83%
nice
83%
nice,
83%
what
83%
f***ing
81%
funny,
81%
looking
81%
pinched
81%
pretty
81%
wasn't
81%
English
79%
measure
79%
Never
79%
never
79%
Science
79%
that's
79%
thought
79%
assume
76%
for
76%
gate
76%
gone
76%
I'm
76%
likes
76%
most
76%
room
76%
you'd
76%
been
74%
did
74%
different
74%
he'd
74%
made
74%
my
74%
past
74%
stuff,
74%
three
74%
twenty
74%
all
71%
picks
71%
pretending,
71%
Yeah,
71%
doing?
69%
prayer
69%
twice
69%
enthrall
67%
it's
67%
rarely
67%
very
67%
clear
64%
ways
64%
went
64%
Wishing
64%
carry
62%
now
62%
Now
62%
'round
62%
shops
62%
grown
60%
has
60%
heard
60%
If
60%
similar
60%
front
57%
girls
57%
equipped
55%
still
55%
sure
52%
wagged
48%

Score Distribution

Percentile by Number Answered

Percent of People with Each Score

Your Score History

You have not taken this quiz